000
00326 a2200169 4500
001
175205
020
_a
85-02-02126-5
040
_c
Magnum
100
_a
Maiali, André Cury
240
1
0
_a
Física
_l
por
245
1
0
_a
Física
300
_a
652
362
0
_a
1996
440
1
_a
Saraiva
697
_a
FÍSICA
942
_c
BK
999
_c
175205
_d
175205